1382 1297 1656 1501 1309 1401 1142 1845 1398 1317 1109 1555 1705 1361 1340 1403 1849 1236 1498 1250 1173 1780 1804 1339 1139 1271 1112 1055 1565 1752 1944 1627 1856 1298 1601 1160 1199 1090 1565 1205 1085 1952 1302 1015 1423 1773 1924 1159 1263 1131 1005 1639 1231 1207 1159 1500 1890 1443 1458 1059 1226 1248 1232 1928 1865 1359 1350 1074 1727 1378 1695 1130 1328 1776 1032 1667 1668 1408 1322 1395 1395 1057 1752 1327 1414 1365 1582 1694 1069 1697 1305 1360 1279 1873 1104 1789 1022 1245 1978 BCNSPRNW ULIB Ver.6.0+V

เปลี่ยนเป็นภาษาไทย

Change to English
 แสดงรายละเอียดบรรณานุกรม
  กลับหน้าหลัก

Brief Record : Get Marc (ISO 2709) : E-mail record : QR code < ปิดหน้าต่าง
LEADER : 00000nam 2200000uu 4500
001    13399122303
003     ULIB
008    130206s2555||||th 000 0 tha d
020    ^a9789746727082
060 04 ^aWY156^bน411ก
100 0  ^aนัทธมน วุทธานนท์
245 10 ^aการพยาบาลผู้ป่วยมะเร็งกระเพาะปัสสาวะ /^cนัทธมน วุทธานนท์
250    ^aพิมพ์ครั้งที่ 1
260    ^aเชียงใหม่ :^bคณะพยาบาลศาสตร์ มหาวิทยาลัยเชียงใหม่,^c2555
300    ^aก-ช, 152 หน้า :^bภาพประกอบ ;^c25 ซม.
504    ^aมีบรรณานุกรมและดัชนี
650  4 ^aกระเพาะปัสสาวะ, เนื้องอก
650  4 ^aมะเร็ง^xการพยาบาล
650  4 ^aมะเร็ง^xการรักษาด้วยยา
650  4 ^aมะเร็ง^xการรักษาด้วยรังสี
710 2  ^aมหาวิทยาลัยเชียงใหม่. ^bคณะพยาบาลศาสตร์
945    ^p180^l0^i19845
945    ^p180^l0^i19846
945    ^p180^l0^i19847
945    ^p180^l0^i19848
945    ^p180^l0^i19849
945    ^p180^l0^i22541
945    ^p180^l0^i22542
945    ^p180^l0^i22543
995    ^aทศพร
999    ^aทศพร เกษรทอง
รายการนี้ยังไม่มีแท็ก
คุณยังไม่ได้ล็อกอิน คุณสามารถมีกิจกรรมร่วมกับเว็บไซต์ได้ แต่ต้องล็อกอินก่อน ::
  ล็อกอิน

รายการสื่อสารสนเทศ

ลำดับที่ ประเภท เลขเรียก/บาร์โค้ด สถานที่ สถานะ
1. Book การพยาบาล
Book การพยาบาล
สถานะ=หนังสือเก่า
WY156 น411ก ฉ.1 
  Barcode: 19845
ห้องสมุดวิทยาเขตนครสวรรค์
►ส่วนจัดเก็บหนังสือเก่า นว.
ถูกยืม กำหนดส่งวันที่ 22 ตุลาคม 2568
  จอง
2. Book การพยาบาล
Book การพยาบาล
สถานะ=หนังสือเก่า
WY156 น411ก ฉ.2 
  Barcode: 19846
ห้องสมุดวิทยาเขตนครสวรรค์
►ส่วนจัดเก็บหนังสือเก่า นว.
บนชั้น
  ขอยืม
3. Book การพยาบาล
Book การพยาบาล
สถานะ=หนังสือเก่า
WY156 น411ก ฉ.3 
  Barcode: 19847
ห้องสมุดวิทยาเขตนครสวรรค์
►ส่วนจัดเก็บหนังสือเก่า นว.
บนชั้น
  ขอยืม
4. Book การพยาบาล
Book การพยาบาล
สถานะ=หนังสือเก่า
WY156 น411ก ฉ.4 
  Barcode: 19848
ห้องสมุดวิทยาเขตนครสวรรค์
►ส่วนจัดเก็บหนังสือเก่า นว.
บนชั้น
  ขอยืม
5. Book การพยาบาล
Book การพยาบาล
สถานะ=หนังสือเก่า
WY156 น411ก ฉ.5 
  Barcode: 19849
ห้องสมุดวิทยาเขตนครสวรรค์
►ส่วนจัดเก็บหนังสือเก่า นว.
บนชั้น
  ขอยืม
6. Book การพยาบาล
Book การพยาบาล
สถานะ=หนังสือเก่า
WY156 น411ก ฉ.6 
  Barcode: 22541
ห้องสมุดวิทยาเขตนครสวรรค์
►ส่วนจัดเก็บหนังสือเก่า นว.
บนชั้น
  ขอยืม
7. Book การพยาบาล
Book การพยาบาล
สถานะ=หนังสือเก่า
WY156 น411ก ฉ.7 
  Barcode: 22542
ห้องสมุดวิทยาเขตนครสวรรค์
►ส่วนจัดเก็บหนังสือเก่า นว.
บนชั้น
  ขอยืม
8. Book การพยาบาล
Book การพยาบาล
สถานะ=หนังสือเก่า
WY156 น411ก ฉ.8 
  Barcode: 22543
ห้องสมุดวิทยาเขตนครสวรรค์
►ส่วนจัดเก็บหนังสือเก่า นว.
บนชั้น
  ขอยืม

รายการใกล้เคียง
    ผู้แต่ง [นัทธมน วุทธานนท์]

    หัวเรื่อง [กระเพาะปัสสาวะ, เนื้องอก]

BibComment


ยังไม่เคยถูกคอมเมนท์

คอมเมนท์ทรัพยากรรายการนี้
  คอมเมนท์: การพยาบาลผู้ป่วย..


 Copyright 2026. Bcnsprnw @Library